| 000 | 00829nam a2200229Ia 4500 | ||
|---|---|---|---|
| 003 | OSt | ||
| 005 | 20251103112319.0 | ||
| 008 | 220923b |||||||| |||| 00| 0 eng d | ||
| 020 | _a9780514293812 | ||
| 037 | _cGeneral Book | ||
| 040 |
_aRTL _cRTL _beng |
||
| 041 |
_2eng _aeng |
||
| 084 |
_aY:3(O).55, Q5 _qRTL |
||
| 100 |
_aByram, Katra A. _9256479 |
||
| 245 | 0 |
_aEthics and the dynamic observer narrator: reckoning with past and present in german literature _b |
|
| 260 |
_aColumbus _bOhio State University Press _c2015 |
||
| 300 |
_ax,256 p. _bIncludes bibliographical references and index. |
||
| 490 | _aNew Horizons in International Business | ||
| 650 |
_aSociology _9849918 |
||
| 942 |
_hY:3(O).55, Q5 _cGB _2CC _n0 |
||
| 999 |
_c502340 _d502340 |
||